000 00718nam a2200301Ia 4500
005 20260401122238.0
008 008 250103s9999 xx 000 0 eng d
020 _a801831393
037 _aTB
040 _aEDL
040 _beng
040 _cEDL
041 _2eng
041 _aeng
084 _a700.1 LES
084 _qEDL
100 _aLessing, Gotthold Ephraim
_91233019
245 0 _aLaocoon: Essay on the Limits of Painting and Poetry
245 0 _cLessing, Gotthold Ephraim
260 _aBaltimore
260 _bThe Johns Hopkins University Press
260 _c1984
300 _a259p
942 _cTB
942 _h700.1 LES
999 _c1845926
_d1845926